Introducing research methodology : thinking your way through your research project

Saved in:
Bibliographic Details
Main Author: FLICK, Uwe
Format: Book
Language:English
Published: SAGE 2020
Tags: Add Tag
No Tags, Be the first to tag this record!

MARC

LEADER 00000nam a22000007a 4500
008 230926b |||||||| |||| 00| 0 eng d
020 |a 9781526496935 
100 |a FLICK, Uwe 
245 |a Introducing research methodology   |b  : thinking your way through your research project  |c  / Uwe Flick  |g xxvi, 3849;ill 
250 |b 3rd 
260 |b SAGE  |c 2020  |h London  |i 700612  |i 700613  |l H62.F64  |m Social-sciences- Research  |m Research-Methodology 
500 |a it includes references and index 
942 |a lcc  |c BK  |e Johnson  |f 26/09/23 
952 |0 0  |1 0  |2 lcc  |4 0  |6 H0062 F64  |7 0  |9 4488  |a SSL  |b HOL  |c GJ  |d 2023-09-26  |l 0  |o H62.F64  |p 2023-0409  |r 2023-09-26 00:00:00  |t 700612  |w 2023-09-26  |y BK 
952 |0 0  |1 0  |2 lcc  |4 0  |6 H0062 F64  |7 0  |9 4489  |a HOL  |b HOL  |c GJ  |d 2023-09-26  |l 0  |o H62.F64  |p 2023-0410  |r 2023-09-26 00:00:00  |t 700613  |w 2023-09-26  |y BK 
999 |c 2249  |d 2249